| 000 | 03075cam a22003491i 4500 | ||
|---|---|---|---|
| 003 | SA-RiAUC | ||
| 005 | 20250129081719.0 | ||
| 008 | 250118s2011 le g 000 0cara c | ||
| 040 |
_aSA-RiAUC _bara _cSA-RiAUC _erda |
||
| 082 | 0 | 4 |
_a233.1 _qSA-RiAUC |
| 090 |
_a233.1 _bط ب ا |
||
| 100 | 1 |
_aالطباخ، محمد راغب بن محمود، _d1293-1370 هجري _eمؤلف. |
|
| 245 | 1 | 2 |
_aالأنوار الجلية في مختصر الأثبات الحلبية / _cمحمد راغب الطباخ ؛ تحقيق الدكتور عبد الستار أبو غدة، الشيخ محمد ابراهيم الحسين. |
| 250 | _aالطبعة الأولى. | ||
| 264 | 1 |
_aبيروت : _bدار البشائر الإسلامية، _c2011 |
|
| 300 |
_a663 صفحة ؛ _c24 × 17 سم |
||
| 336 |
_aنص _btxt _2rdacontent _3كتاب |
||
| 337 |
_aبدون وسيط _bn _2rdamedia |
||
| 338 |
_aمجلد _bnc _2rdacarrier |
||
| 490 | 1 |
_aمكتبة نظام يعقوبي الخاصة (المنامة). _aالأثبات والمشيخات والإجازات والمسلسلات ؛ _v17 |
|
| 500 | _aالأثبات الجلية يقصد بها : الثبت المسمى كفاية الراوي والسامع وهداية الرائي والسامع / يوسف الحسيني الحلبي-الثبت المسمى إنالة الطالبين لعوالي المحدثين / تأليف عبد الكريم بن أحمد الشراباتي-الثبت المسمى منار الأسعاد في طرق الإسناد / عبد الرحمن بن عبد الله المعروف بالبعلي. | ||
| 500 | _aالأثبات الجلية يقصد بها : الثبت المسمى كفاية الراوي والسامع وهداية الرائي والسامع / يوسف الحسيني الحلبي-الثبت المسمى إنالة الطالبين لعوالي المحدثين / تأليف عبد الكريم بن أحمد الشراباتي-الثبت المسمى منار الأسعاد في طرق الإسناد / عبد الرحمن بن عبد الله المعروف بالبعلي. | ||
| 650 | 7 |
_aالحديث _xرواية _2aucsh |
|
| 700 | 1 |
_aأبو غدة، عبد الستار، _d1940-2020 _eمحقق. |
|
| 700 | 1 |
_aالحسين، محمد إبراهيم _eمحقق. |
|
| 700 | 1 | 2 |
_iمختصر لـ (عمل) : _aالنقيب، يوسف بن حسين بن درويش، _d1073-1153 هجري. _tكفاية الراوي والسامع وهداية الرائي والسامع. |
| 700 | 1 | 2 |
_iمختصر لـ (عمل) : _aالشراباتي، عبد الكريم بن أحمد بن علوان، _d1106-1178 هجري. _tإنالة الطالبين لعوالي المحدثين. |
| 700 | 1 | 2 |
_iمختصر لـ (عمل) : _aالبعلي، عبد الرحمن بن عبد الله بن أحمد، _d1110-1192 هـ. _tمنار الأسعاد في طرق الإسناد. |
| 830 | 0 |
_aمكتبة نظام يعقوبي الخاصة. _pالأثبات والمشيخات والإجازات والمسلسلات _v17 |
|
| 942 |
_2ddc _cBOOK _n0 |
||
| 949 |
_aSA-JeALM _d250118 _umohamedma123 _n1 |
||
| 999 |
_c5413 _d5413 |
||